| 000 | 00903nam a2200241Ia 4500 | ||
|---|---|---|---|
| 003 | OSt | ||
| 005 | 20220923221057.0 | ||
| 006 | a|||||r|||| 00| 0 | ||
| 007 | ta | ||
| 008 | 220922b |||||||| |||| 00| 0 hin d | ||
| 024 | _a194,665 | ||
| 037 | _cTextual | ||
| 040 |
_aARTS _cARTS _bhin |
||
| 041 |
_2hin _ahin |
||
| 082 | _aO152,3(Y31):g, L9;4 | ||
| 100 |
_aपाण्डेय, इन्दु प्रकाश _9157573 |
||
| 245 | 0 | _aह्र्रिन्दी के आंचलिक उपन्यासों में जीवन-सत्य | |
| 246 | _aHrrindī ke āanchalik upanyāsoan mean jīvana-satya | ||
| 260 |
_aदिल्ली _b नेशनल पब्लि0 हा0 _c1979 |
||
| 300 |
_a302पृ. _ccm. |
||
| 942 |
_hO152,3(Y31):g, L9;4 _cTEXL _2CC |
||
| 999 |
_c346929 _d346929 |
||